| 000 | 00451nam a2200133Ia 4500 | ||
|---|---|---|---|
| 008 | 201002s9999 xx 000 0 und d | ||
| 020 | _a978-971-980-444-4 | ||
| 100 | _aBathan, Gladys I. | ||
| 245 |
_cGladys I. Bathan, Angelica Crisostomo, Minerva Daya _aLaboratory manual in general biochemistry/ |
||
| 250 | _a2nd ed. | ||
| 260 |
_aManila: _bC&E Publishing _c2017 |
||
| 300 |
_axxii, 145 pages _c25 cm. |
||
| 650 | _aBiochemistry -- Laboratory manuals | ||
| 999 |
_c364567 _d364567 |
||